• 首页
  • 本馆介绍
  • 公告通知
  • 最新文献
  • 馆藏检索
  • 电子资源
  • 读者荐购
  • 参考咨询
  • CALIS
  • 我的图书馆
  • 登录
  • 详细信息显示
  • 放入我的书架
  • 预约/预借图书
  • 作者相关作品
  • 分类相关作品
  • 丛书相关作品
  • 出版社相关作品

书目信息

  • 表格格式
  • 工作单格式
  • 卡片格式
题名:
精通注册表与BIOS技巧600招
    
 
作者: 宋建龙编著
分册:  
出版信息: 北京   人民邮电出版社  2005.03
页数: 248页
开本: 26cm
丛书名: 软硬兼施电脑丛书
单 册:
中图分类: TP31
科图分类:
主题词: 窗口软件
电子资源:
ISBN: 7-115-13133-3
 
 
 
 
 
000 00840nam0 2200229 45
001 010459657926
005 20060622163710.06
010    @a7-115-13133-3@dCNY25.00
100    @a20060508d2005 ekmy0 y0120 ea
102    @aCN@b110000
105    @ay z 000yy
200 1  @a精通注册表与BIOS技巧600招@f宋建龙编著
210    @a北京@c人民邮电出版社@d2005.03
215    @a248页@c图@d26cm
225 2  @a软硬兼施电脑丛书
330    @a本书共分8章,精选了注册表和BIOS两方面的600余招实用技巧。第1~5章分别介绍了注册表的维护、定制个性化Windows外观、优化系统性能、管理IE浏览器、更改系统的设置等内容。第6~8章分别介绍了BIOS设置技巧、BIOS升级与个性化设置、密码破解与
606 1  @a窗口软件
690    @aTP31@v4
701  0 @a宋建龙编著
801  0 @aCN@b安徽儒林@c20060622
905    @dTP31@eS766
906    @dCNY25.00@n3@r1
    
    精通注册表与BIOS技巧600招/宋建龙编著.-北京:人民邮电出版社,2005.03
    248页:图;26cm.-(软硬兼施电脑丛书)
    
    
    ISBN 7-115-13133-3:CNY25.00
    本书共分8章,精选了注册表和BIOS两方面的600余招实用技巧。第1~5章分别介绍了注册表的维护、定制个性化Windows外观、优化系统性能、管理IE浏览器、更改系统的设置等内容。第6~8章分别介绍了BIOS设置技巧、BIOS升级与个性化设置、密码破解与
●
相关链接 在E读中查询图书 在当当中查询图书 在豆瓣中查询图书


正题名:精通注册表与BIOS技巧600招     索取号:TP31/S766         预约/预借

序号 登录号 条形码 馆藏地/架位号 状态 备注
1 587396   205873964   自科库301/301自科库 46排6列5层/ [索取号:TP31/S766] 在馆    
2 587397   205873973   自科库301/301自科库 46排6列5层/ [索取号:TP31/S766] 在馆    
3 587398   205873982   自科二线404/301自科库 102排5列3层/ [索取号:TP31/S766] 在馆    
河南城建学院图书馆 欢迎您!
大连网信软件有限公司© 版权所有